[Event "PER-ch"]
[Site "Lima"]
[Date "2024.07.08"]
[Round "4"]
[White "Vasquez Vargas, Henry Richard"]
[Black "Parra Gonzales, Andre Leonardo"]
[Result "1/2-1/2"]
[WhiteElo "2206"]
[BlackElo "2043"]
[PlyCount "213"]
[EventDate "2024.07.06"]
[EventType "tourn"]
[EventRounds "11"]
[EventCountry "PER"]
[SourceTitle "EXT 2025"]
[Source "ChessBase"]
[SourceDate "2024.10.14"]
[SourceVersion "1"]
[SourceVersionDate "2024.10.14"]
[SourceQuality "1"]

1. d4 Nf6 2. Nf3 e6 3. e3 b6 4. Bd3 Bb7 5. Nbd2 d5 6. 0-0 Nbd7 7. b3 Ne4 8. Bb2 Bd6 9. c4 0-0 10. Rc1 f5 11. Qe2 Qf6 12. Rc2 Qh6 13. Ne5 Nxd2 14. Qxd2 dxc4 15. Bxc4 Be4 16. Rcc1 Rfd8 17. Qe2 Bxe5 18. dxe5 Nf8 19. Rfd1 Qg5 20. f3 Bb7 21. Ba3 c5 22. b4 cxb4 23. Bxb4 Qg6 24. Bd6 Rac8 25. Bb3 Qf7 26. Qb5 Ng6 27. Qa4 Ba8 28. Qb4 Bb7 29. Bc4 Bd5 30. Bxd5 exd5 31. g3 Qe6 32. f4 Rxc1 33. Rxc1 Rc8 34. Rc3 Nh8 35. Qa3 Rxc3 36. Qxc3 Nf7 37. Ba3 Qd7 38. Qb4 h6 39. Kg2 Kh7 40. Qc3 Nd8 41. Qd3 g6 42. Bd6 Qc6 43. Kh3 Qc4 44. Qd1 Qxa2 45. g4 Qf2 46. gxf5 Qxe3+ 47. Kg2 gxf5 48. Qh5 Qxf4 49. Qe8 Qd2+ 50. Kg1 Qe1+ 51. Kg2 Qe2+ 52. Kg1 Qe3+ 53. Kf1 Qc1+ 54. Kf2 Qc2+ 55. Kf1 Qc1+ 56. Ke2 Qc2+ 57. Kf1 Qd1+ 58. Kf2 Qd2+ 59. Kf1 Qf4+ 60. Ke1 Qe3+ 61. Kf1 Qf3+ 62. Kg1 Qg4+ 63. Kf1 Qf3+ 64. Kg1 Qg4+ 65. Kf1 Qg8 66. Qe7+ Kg6 67. Qf6+ Kh5 68. Qxf5+ Qg5 69. Qf3+ Kg6 70. Qxd5 Qf5+ 71. Ke1 Ne6 72. Qc6 Nd4 73. Qe8+ Qf7 74. Qa8 Qf3 75. Qg8+ Kf5 76. Qh7+ Ke6 77. Qg8+ Kd7 78. Qh7+ Kc6 79. Qc7+ Kb5 80. Qd7+ Kc4 81. Qa4+ Kd5 82. Qa2+ Ke4 83. Qb1+ Qd3 84. Qxd3+ Kxd3 85. Bb8 b5 86. Bxa7 Nf3+ 87. Kf2 Nxe5 88. Bc5 Kc4 89. Bf8 b4 90. Kg3 b3 91. Ba3 Kd3 92. Bb2 Nc4 93. Ba1 Ne3 94. Kh4 Ke4 95. Kh5 Kf5 96. h3 Ng2 97. Kxh6 Nf4 98. h4 Kg4 99. Kg7 Kxh4 100. Kf6 Nd5+ 101. Ke5 Nb4 102. Kd4 Nc2+ 103. Kc3 Nxa1 104. Kb2 Kg3 105. Kxa1 Kf4 106. Kb2 Ke4 107. Kxb3 1/2-1/2

[Event "PER-ch"]
[Site "Lima"]
[Date "2024.07.06"]
[Round "1"]
[White "Parra Gonzales, Andre Leonardo"]
[Black "Flores Quillas, Diego Saul Rodrigo"]
[Result "0-1"]
[WhiteElo "2043"]
[BlackElo "2460"]
[PlyCount "110"]
[EventDate "2024.07.06"]
[EventType "tourn"]
[EventRounds "11"]
[EventCountry "PER"]
[SourceTitle "EXT 2025"]
[Source "ChessBase"]
[SourceDate "2024.10.14"]
[SourceVersion "1"]
[SourceVersionDate "2024.10.14"]
[SourceQuality "1"]

1. e4 c5 2. Nf3 d6 3. d4 cxd4 4. Nxd4 Nf6 5. Nc3 Nc6 6. Bg5 e6 7. Qd2 a6 8. 0-0-0 Bd7 9. Kb1 Be7 10. f3 Nxd4 11. Qxd4 Qc7 12. g4 Bc6 13. h4 h5 14. Be2 hxg4 15. fxg4 b5 16. Bf3 Qb7 17. Qe3 b4 18. Bxf6 Bxf6 19. Nd5 Be5 20. Nb6 Qa7 21. Nc4 Qxe3 22. Nxe3 Ke7 23. Nc4 Bf4 24. Na5 Bd7 25. e5 d5 26. Rd4 Bxe5 27. Rxb4 Rab8 28. Rxb8 Rxb8 29. Nb3 a5 30. Rd1 Rb4 31. c3 Rf4 32. Be2 Rf2 33. Nc1 a4 34. a3 Rh2 35. h5 Bf4 36. Nd3 Be3 37. Bf3 Bb5 38. Ka1 Kd6 39. Ka2 Bd2 40. Nb4 Bxc3 41. Rb1 Bd4 42. Bd1 e5 43. Nc2 Bc4+ 44. Ka1 Bc5 45. Ne1 Bb5 46. Nf3 Rf2 47. g5 e4 48. Nh4 Bd4 49. Bg4 g6 50. hxg6 fxg6 51. Nxg6 Bd3 52. Nh4 Bxb1 53. Nf5+ Rxf5 54. Bxf5 Bc2 55. Bg4 Bg7 0-1